Basic neurochemistry : (Record no. 119349)

MARC details
000 -LEADER
fixed length control field 01325cam a22003377a 4500
008 - FIXED-LENGTH DATA ELEMENTS--GENERAL INFORMATION
fixed length control field
020 ## - INTERNATIONAL STANDARD BOOK NUMBER
International Standard Book Number 9780123749475 (hbk.)
049 ## - LOCAL HOLDINGS (OCLC)
Holding library MAIN
090 ## - LOCALLY ASSIGNED LC-TYPE CALL NUMBER (OCLC); LOCAL CALL NUMBER (RLIN)
Classification number (OCLC) (R) ; Classification number, CALL (RLIN) (NR) QP356.3
Local cutter number (OCLC) ; Book number/undivided call number, CALL (RLIN) BAS
003 - CONTROL NUMBER IDENTIFIER
control field
005 - DATE AND TIME OF LATEST TRANSACTION
control field 20230120204224.0
040 ## - CATALOGING SOURCE
Transcribing agency NUST
245 00 - TITLE STATEMENT
Title Basic neurochemistry :
Remainder of title principles of molecular, cellular, and medical neurobiology /
Statement of responsibility, etc. editor-in-chief, Scott T. Brady ; editor-in-chief emeritus, George J. Siegel ; editors, R. Wayne Albers, Donald L. Price ; associate editors Joyce Benjamins ... [et al.].
250 ## - EDITION STATEMENT
Edition statement 8th ed.
260 ## - PUBLICATION, DISTRIBUTION, ETC.
Place of publication, distribution, etc. Amsterdam ;
-- Boston :
Name of publisher, distributor, etc. Elsevier/Academic Press,
Date of publication, distribution, etc. c2012.
300 ## - PHYSICAL DESCRIPTION
Extent xxiv, 1096 p. :
Other physical details ill. (some col.) ;
Dimensions 29 cm.
500 ## - GENERAL NOTE
General note Includes index.
500 ## - GENERAL NOTE
General note Includes bibliographical references.
500 ## - GENERAL NOTE
General note Rev. ed. of: Basic neurochemistry : molecular, cellular, and medical aspects. 7th ed., c2006.
504 ## - BIBLIOGRAPHY, ETC. NOTE
Bibliography, etc. note Includes bibliographical references and index.
650 #0 - SUBJECT ADDED ENTRY--TOPICAL TERM
Topical term or geographic name entry element Neurochemistry.
650 22 - SUBJECT ADDED ENTRY--TOPICAL TERM
Topical term or geographic name entry element Nervous System Diseases.
650 22 - SUBJECT ADDED ENTRY--TOPICAL TERM
Topical term or geographic name entry element Nervous System Physiological Phenomena.
700 1# - ADDED ENTRY--PERSONAL NAME
Personal name Brady, Scott T.
700 1# - ADDED ENTRY--PERSONAL NAME
Personal name Siegel, George J.
700 1# - ADDED ENTRY--PERSONAL NAME
Personal name Albers, R. Wayne
700 1# - ADDED ENTRY--PERSONAL NAME
Personal name Price, D. L.
700 1# - ADDED ENTRY--PERSONAL NAME
Personal name Benjamins, Joyce.
907 ## - LOCAL DATA ELEMENT G, LDG (RLIN)
a .b10384741
b 29-09-17
c 28-09-17
942 ## - ADDED ENTRY ELEMENTS (KOHA)
Koha item type Ordinary Loan Books
Call number prefix QP356.3
Call number suffix BAS
Holdings
Date last seen Total Checkouts Full call number Barcode Cost, replacement price Price effective from Koha item type Lost status Source of classification or shelving scheme Damaged status Not for loan Collection Withdrawn status Home library Current library Shelving location Date acquired Cost, normal purchase price
01/20/2023   QP356.3 BAS 92004043043 80.00 01/20/2023 BOOKS   LCC     NFIC   Medical Medical GEN 01/20/2023 80.00